| 000 | 00377nam a22001337a 4500 | ||
|---|---|---|---|
| 008 | 160802b xxu||||| |||| 00| 0 eng d | ||
| 050 | _aHF 5635.W37 1953 | ||
| 100 |
_aWarren _d1953 |
||
| 245 |
_aAccounting / _cWarren |
||
| 250 | _a18th ed. | ||
| 300 |
_a997(78) p. :ill. _bIncludes index. |
||
| 650 | _aAccounting. | ||
| 942 |
_2lcc _cBOOKS _hHF 5635.W37 1953 _02 |
||
| 999 |
_c12328 _d12328 |
||